000 00907nam a2200253Ia 4500
003 OSt
005 20220923224250.0
006 a|||||r|||| 00| 0
007 ta
008 220922b |||||||| |||| 00| 0 hin d
024 _a230,146
037 _cTextual
040 _aARTS
_cARTS
_bhin
041 _2hin
_ahin
082 _aO157,3NBAx, 152P4
100 _aबैनर्जी, उत्पल, अनु.
_9160737
245 0 _aसमकालीन बांग्ला प्रेम कहानियां
246 _aSamakālīn bāanglā prem kahāniyāan
260 _aमुंबई
_b संवाद प्रकाशन
_c2004
300 _a191पृ.
_ccm.
490 _aभारतीय भाषा ग्रंथमाला
942 _hO157,3NBAx, 152P4
_cTEXL
_2CC
999 _c370269
_d370269